000 00641nam a2200241Ia 4500
003 OSt
005 20220918202635.0
006 a|||||r|||| 00| 0
007 ta
008 220917b |||||||| |||| 00| 0 eng d
024 _a102,718
037 _cTextual
040 _aARTS
_cARTS
_beng
041 _2eng
_aeng
082 _aV2,4AN25:1:g, L9
100 _aDeshmukh N
_9104707
245 0 _aRSS victim of slander
_b multidimensional study of RSS
260 _aDelhi
_bVision
_c1979
300 _a168p.
_ccm.
650 _aHISTORY
942 _hV2,4AN25:1:g, L9
_cTEXL
_2CC
999 _c226167
_d226167